01084cam a2200313 a 450000100070000000300070000700500170001400800410003101000170007202000360008902000360012504000180016105000220017908200220020110000330022324501020025626000340035830000260039250400660041860000240048465000230050865000240053165000230055565000220057865000210060065000260062165000340064785600890068170975900003420220326193245.0970924s1998 nyu b 001 0 eng  a 97032058  a0415920353 (cloth : alk. paper) a0415920361 (paper : alk. paper) aDLCcDLCdDLC00aBD450b.B355 199800a110.82bB335p2211 aBattersby, Christine,d1946-14aThe phenomenal woman :bfeminist metaphysics and the patterns of identity /cChristine Battersby. aNew York :bRoutledge,c1998. axii, 236 p. ;c23 cm. aIncludes bibliographical references (p. [215]-222) and index. aChristine Battersby 0aWoman (Philosophy) 0aMujer (filosofía) 0aBirth (Philosophy) 0aSelf (Philosophy) 0aFeminist theory. 0aMetafísica femenina 0aTeoría feminista / género423Publisher descriptionuhttp://www.loc.gov/catdir/enhancements/fy0651/97032058-d.html